Large parks / (Record no. 352763)

000 -LEADER
fixed length control field 02000 a2200325 4500
003 - CONTROL NUMBER IDENTIFIER
control field OSt
005 - DATE AND TIME OF LATEST TRANSACTION
control field 20180116192346.0
008 - FIXED-LENGTH DATA ELEMENTS--GENERAL INFORMATION
fixed length control field 120531t xxu||||| |||| 00| 0 eng d
010 ## - LIBRARY OF CONGRESS CONTROL NUMBER
LC control number 2006036318
020 ## - INTERNATIONAL STANDARD BOOK NUMBER
International Standard Book Number 9781568986241 (pbk.)
020 ## - INTERNATIONAL STANDARD BOOK NUMBER
International Standard Book Number 1568986246 (pbk.)
040 ## - CATALOGING SOURCE
Transcribing agency 0
082 00 - DEWEY DECIMAL CLASSIFICATION NUMBER
Classification number 363.68
100 ## - MAIN ENTRY--PERSONAL NAME
Personal name Czerniak, Julia
9 (RLIN) 2766
245 00 - TITLE STATEMENT
Title Large parks /
Statement of responsibility, etc. [edited by] Julia Czerniak and George Hargreaves ; contributors, John Beardsley ... [etc.].
260 ## - PUBLICATION, DISTRIBUTION, ETC.
Place of publication, distribution, etc. New York :
Name of publisher, distributor, etc. Princeton Architectural Press ;
Place of publication, distribution, etc. Cambridge, Mass. :
Name of publisher, distributor, etc. in association with the Harvard University Graduate School of Design,
Date of publication, distribution, etc. 2007.
300 ## - PHYSICAL DESCRIPTION
Extent 255 p. :
Other physical details ill. (some col.), maps (some col.) ;
Dimensions 23 cm.
505 ## - FORMATTED CONTENTS NOTE
Formatted contents note James Corner-- Introduction: Speculating on Size-- Julia Czerniak-- Sustainable Large Parks: Ecological Design or Designer Ecology?-- Nina-Marie Lister-- Uncertain Parks: Disturbed Sites, Citizens, and Risk Society -- Elizabeth K. Meyer-- Matrix Landscape: Construction of Identity in the Large Park-- Linda Pollak-- Large Parks: A Designer's Perspective-- George Hargreaves-- Re-placing Process-- Anita Berrizbeitia -- Conflict and Erosion: The Contemporary Public Life of Large Parks-- John Beardsley-- Legibility and Resilience-- Julia Czerniak-- Contributors-- Index-- Image Credits--
650 #0 - SUBJECT ADDED ENTRY--TOPICAL TERM
Topical term or geographic name entry element Parks.
9 (RLIN) 2767
650 #0 - SUBJECT ADDED ENTRY--TOPICAL TERM
Topical term or geographic name entry element Urban landscape architecture.
9 (RLIN) 2768
650 #0 - SUBJECT ADDED ENTRY--TOPICAL TERM
Topical term or geographic name entry element Landscape ecology.
9 (RLIN) 2769
700 1# - ADDED ENTRY--PERSONAL NAME
Personal name Czerniak, Julia.
9 (RLIN) 2770
700 1# - ADDED ENTRY--PERSONAL NAME
Personal name Hargreaves, George,
Dates associated with a name 1962-
9 (RLIN) 2771
710 2# - ADDED ENTRY--CORPORATE NAME
Corporate name or jurisdiction name as entry element Harvard University.
Subordinate unit Graduate School of Design.
9 (RLIN) 2772
856 41 - ELECTRONIC LOCATION AND ACCESS
Materials specified Table of contents only
Uniform Resource Identifier <a href="http://www.loc.gov/catdir/toc/ecip074/2006036318.html">http://www.loc.gov/catdir/toc/ecip074/2006036318.html</a>
856 41 - ELECTRONIC LOCATION AND ACCESS
Materials specified Publisher description
Uniform Resource Identifier <a href="http://www.loc.gov/catdir/enhancements/fy0722/2006036318-d.html">http://www.loc.gov/catdir/enhancements/fy0722/2006036318-d.html</a>
856 41 - ELECTRONIC LOCATION AND ACCESS
Materials specified Contributor biographical information
Uniform Resource Identifier <a href="http://www.loc.gov/catdir/enhancements/fy0732/2006036318-b.html">http://www.loc.gov/catdir/enhancements/fy0732/2006036318-b.html</a>
942 ## - ADDED ENTRY ELEMENTS (KOHA)
Institution code [OBSOLETE] SADA
Koha item type Book
Call number prefix 363.68 CZE 2007
Source of classification or shelving scheme
Holdings
Withdrawn status Lost status Source of classification or shelving scheme Damaged status Not for loan Permanent Location Current Location Date acquired Total Checkouts Full call number Barcode Date last seen Date last checked out Cost, replacement price Price effective from Koha item type
          School of Art Design and Architecture (SADA) School of Art Design and Architecture (SADA) 04/12/2011 4 363.68 CZE 2007 SADA0000821 12/15/2015 11/30/2015 2485.00 08/05/2011 Book
© 2023 Central Library, National University of Sciences and Technology. All Rights Reserved.